📖150 premiers mots "La liste de Schindler" Thomas Keaneally Q3 chap1 - Statistiques

Statistiques générales
  • Ce quiz a Ă©tĂ© pris 7 fois
  • Le rĂ©sultat moyen est 80 sur 150
Statistiques - réponses
Mots % Correct
Ă 
100%
au
100%
austro-
100%
d'
100%
hongrois.
100%
il
100%
Il
100%
l'
100%
le
100%
Les
100%
les
100%
Moravie
100%
ne
100%
né
100%
Oskar Schindler,
100%
Pologne.
100%
s'
100%
se
100%
Sigmund List,
100%
XVIᔉ ...
100%
1908
86%
1939.
86%
28
86%
6
86%
avec
86%
avril
86%
C'
86%
Cracovie,
86%
de
86%
des
86%
du
86%
en
86%
était
86%
la
86%
La
86%
mais
86%
Oskar,
86%
sa
86%
septembre
86%
un
86%
ville
86%
avait
71%
dans
71%
jour
71%
qu'
71%
qui
71%
ses
71%
Ses
71%
avaient
57%
empire
57%
étaient
57%
tout
57%
allemandes,
43%
cinq
43%
province
43%
Rien,
43%
troupes
43%
allait
29%
alors
29%
années
29%
devenir
29%
histoire
29%
ici
29%
MĂȘme
29%
mĂȘme
29%
nazis,
29%
petit
29%
royaume.
29%
suite
29%
venir,
29%
constituer
14%
cours
14%
ex-
14%
faisait
14%
famille,
14%
général
14%
industries
14%
prédestinait
14%
prendre
14%
pris
14%
vers
14%
viennois
14%
affaires.
0%
ancĂȘtres
0%
arrivé
0%
blindées
0%
brasseur
0%
défenseur
0%
dépourvu
0%
devrait
0%
distances
0%
divisions
0%
faveur
0%
ferroviaire
0%
fonçant
0%
fourgons
0%
important
0%
installés
0%
joyau
0%
majeures,
0%
mesuré
0%
nƓud
0%
nord,
0%
normalement
0%
nouveau
0%
nouvelle
0%
offrait
0%
opprimés.
0%
partie
0%
possibilités
0%
prospérer
0%
rapidement
0%
régime.
0%
remarquable
0%
serait
0%
situation :
0%
tenaille
0%
tombait
0%
vendeur.
0%
Aucun quiz correspondant
Distribution des résultats
% des personnes avec chaque résultat
Percentile par nombre de réponses
Votre historique - résultats
Vous n’avez pas pris ce quiz